Statistiken für Mitgliedstaaten des Deutschen Bundes im Jahr 1848

Klicken Sie hier um das Quiz zu spielen!

Allgemein

  • Dieses Quiz wurde 6.314 mal gespielt
  • Das Durchschnittsergebnis liegt bei 14 aus 40

Antworten auf der Karte

Die Antworten werden auf der Karte rot bzw. grün angezeigt, abhängig davon wie oft sie richtig erraten wurden.
 

Antwortstatistiken

Staaten% Korrekt
Bayern
97%
Preußen
94%
Österreich
89%
Sachsen
89%
Baden
87%
Hamburg
81%
Württemberg
77%
Bremen
76%
Hannover
67%
Holstein
67%
Hessen
(Großherzogtum)
66%
Hessen
(Kurfürstentum)
65%
Lübeck
48%
Frankfurt am Main
46%
Luxemburg
41%
Oldenburg
39%
Braunschweig
33%
Liechtenstein
33%
Lippe
24%
Nassau
23%
Reuß jüngerer Linie
20%
Schaumburg-Lippe
17%
Mecklenburg-Schwerin
14%
Limburg
13%
Reuß älterer Linie
13%
Sachsen-Coburg-Gotha
13%
Sachsen-Lauenburg
13%
Mecklenburg-Strelitz
11%
Waldeck-Pyrmont
11%
Hohenzollern-Sigmaringen
9%
Sachsen-Weimar-Eisenach
9%
Anhalt-Dessau
8%
Sachsen-Meiningen
8%
Hessen-Homburg
7%
Anhalt-Köthen
6%
Hohenzollern-Hechingen
6%
Sachsen-Altenburg
6%
Schwarzburg-Rudolstadt
6%
Anhalt-Bernburg
5%
Schwarzburg-Sondershausen
5%

Verteilung der Resultate

Perzentil nach korrekt beantworteten Fragen

Anzahl Personen mit jedem Resultat

Ihre Resultats-Entwicklung

Sie haben dieses Quiz noch nicht gespielt